01748cac a2200433 i 4500003000900000005001700009008004100026020002100067020002600088040003800114043001200152050002500164082001600189092000700205099001800212110006900230245011900299250002400418264003300442300004800475336002600523337002800549338002700577500002600604504004100630610002500671650004200696650004900738650004200787650005300829650003800882650003300920856006000953856008101013905000701094942001901101999001701120952017701137EG-GICUC20260121101552.0040730s2004 nyua frb 000 0 eng d a0393326713qpbk. a9780393326710q(pbk.) aDLCcDLCdDLCdEG-GICUCbengerda an-us---00aHV6432.7b.N39 2004b00a343.43122104221 aLaw 10 [2004]2 aNational Commission on Terrorist Attacks upon the United States.14aThe 9/11 Commission report :bfinal report of the National Commission on Terrorist Attacks upon the United States. aAuthorized edition. aNew York :bNorton,c[2004]. axviii, 567 pages :billustrations ;c21 cm. atextbtxt2rdacontent aunmediatedbn2rdamedia avolumebnc2rdacarrier a"Authorized edition." aIncludes bibliographical references.20aQaida (Organization) 0aSeptember 11 Terrorist Attacks, 2001. 0aTerrorismxGovernment policyzUnited States. 0aTerrorismzUnited StatesxPrevention. 0aIntelligence servicezUnited StatesxEvaluation. 0aNational securityzUnited States. 0aWar on Terrorism, 2001-2009.41uhttps://fll.law.cu.edu.eg/fulltext/bks/ENGB10-00125.pdf413Table of contents onlyuhttp://www.loc.gov/catdir/toc/fy0715/2004057564.html a10 2ddccBKe21n0 c53315d53315 00102ddc40708القانون الجنائيaCUbLAW2d2025-12-30l0oLaw2 10 343.431 CO [2004] 1000125 C1pENGB10-00125r2025-12-30 14:22:02t1w2025-12-30yBKz1796